000 00684nam a2200229Ia 4500
001 21485
003 GE_BSU
008 181216s||||||||xx |||||||||||||| ||und||
040 _cGE_BSU
080 _aპერიოდიკა
245 _aНеврологический журнал, №6. том 21. 2016.
245 _bJournal of Neorology.
245 _cГл. ред.Н.Н. ЯХНО и др.
260 _aМосква
260 _bМедицина
260 _c2016
300 _a368 стр. 30см.
653 _aМедицина
653 _aНеврологический журнал, №6. том 21. 2016.
653 _aმედიცინა
942 _cCR
999 _c54429
_d54429